000 00331nam a2200121 i 4500
001 bg
245 0 0 _aOddziaływanie przemysłu na lasy :
_bX lat działalności Komisji do Spraw Gospodarczo-Leśnych ...
260 _aWarszawa,
_c1975.
040 _cBPK
041 _apol
942 _cKS
008 s pl f |000 0 pol
999 _c16661
_d16661
856 _uhttp://koha.tu.koszalin.pl/cgi-bin/koha/opac-detail.pl?biblionumber=16661
_yKatalog online BPK